The Scrabble omnibus

Bibliographic Details
Main Author: Brandreth, Gyles
Format: Book
Published: London : William Collins Sons , 1984
Subjects:

MARC

LEADER 00000cam a2200000 7i4500
001 0000008973
002 000009774
005 20080122.0
020 |a 0002181444 
090 0 0 |a 793.734   |b BRA 
100 1 |a Brandreth, Gyles 
245 1 4 |a The Scrabble omnibus   |c Gyles Brandreth 
260 |a London :   |b William Collins Sons ,   |c 1984 
300 |a 222 p. ;   |c 24 cm. 
650 0 0 |a Scrabble (Game) 
650 0 0 |a Scrabble(Game)   |x Glossaries,vocabularies,etc 
999 |a 027871   |b BUKU   |c PINJAMAN   |e PERPUSTAKAAN KOMUNITI PETALING JAYA 
999 |a 027872   |b BUKU   |c PINJAMAN   |e PERPUSTAKAAN KOMUNITI PETALING JAYA 
999 |a 027873   |b BUKU   |c PINJAMAN   |e PERPUSTAKAAN KOMUNITI PETALING JAYA